000 nam a22 7a 4500
999 _c45865
_d45865
003 OSt
005 20190409102324.0
008 190409b xxu||||| |||| 00| 0 eng d
040 _cIIMT UNIVERSITY
100 _aROGER S. PRESSMAN
245 _aSOFTWARE ENGINEERING
260 _aNEW DELHI
_bMC GRAW HILL
_c1982
300 _a852
942 _2ddc
_c09